Quando, Dove, Come, Perché #5 - Statistics

Statistiche generali
  • Questo quiz è stato fatto 79 volte
  • Il punteggio medio è 5 su 5
Statistiche sulle risposte
Indizio QDCP % Corretto
2 Dove: nella villa
100%
1 Quando: durante il film
100%
3 Come: insospettato
99%
4 Perché: perché alla fine il colpevole è sempre lui!
97%
PAROLA Maggiordomo
69%
Nessun quiz corrispondente trovato
Distribuzione punteggi
Percentuale di utenti per punteggio
Percentile per numero di risposta
I tuoi punteggi nel tempo
Non hai fatto questo quiz